U.S. State By Iconic Food #2 - Statistics

General Stats
  • This quiz has been taken 19 times
  • The average score is 9 of 25
Answer Stats
Hint Answer % Correct
Detroit Style Pizza Michigan
100%
New Haven Pizza Connecticut
78%
Nashville Hot Chicken Tennessee
78%
Crab Cakes Maryland
72%
White BBQ Sauce Alabama
56%
Fried Catfish Mississippi
56%
Chimichanga Arizona
50%
Runzas Nebraska
33%
Pulled Pork & Vinegar North Carolina
33%
Fried Pork Tenderloin Indiana
28%
Toasted Ravioli Missouri
28%
Clam Cakes Rhode Island
28%
Shrimp & Grits South Carolina
28%
Jello Salad Utah
28%
Shrimp Cocktail Nevada
22%
Apple Cider Doughnuts New Hampshire
22%
Porkroll Breakfast Sandwich New Jersey
22%
Scrapple Delaware
17%
Huckleberry Pie Montana
17%
Chicken Fried Steak Oklahoma
17%
Ham Biscuits Virginia
17%
Pepperoni Rolls West Virginia
17%
Fried Pickles Arkansas
11%
Knoephla Soup North Dakota
6%
Kuchen South Dakota
6%
No matching quizzes found
Score Distribution
Percent of People with Each Score
Percentile by Number Answered
Your Score History
You have not taken this quiz